| 000 | 01067nam0a2200349 4500 | ||
|---|---|---|---|
| 001 | RU\NLR\BIBL_A\011360524 | ||
| 005 | 20260406121314.0 | ||
| 010 |
_a9785699807031 _93000 |
||
| 021 |
_aRU _b2017-11785 _9867 |
||
| 035 | _a(RuMoRGB)008801301 | ||
| 035 | _a(NLR Aleph) 011360524 | ||
| 090 |
_a11295642 _c11295642 |
||
| 100 | _a20170404d2016 u y0rusy50 ca | ||
| 101 | 0 | _arus | |
| 102 | _aRU | ||
| 105 | _ay z 0 ay | ||
| 200 | 1 |
_aСмерть ради смерти _fАлександра Маринина |
|
| 210 |
_aМосква _cЭ _d2016 |
||
| 215 |
_a350, [1] с. _d17 |
||
| 225 | 1 | _aМеньше, чем спеццена | |
| 225 | 1 | _aСпец. цена | |
| 225 | 1 | _aАкция % | |
| 320 | _aДр. кн. авт.: с. 2 | ||
| 333 | _a16+ | ||
| 686 |
_aШ5(2=Р)64-644.6 _2rubbk |
||
| 686 | 2 | _aШ6(2=Р)75-446 | |
| 700 | 1 |
_8rus _7ca _aМаринина _bА. Б. _gАлександра Борисовна _f1957- _3RU\NLR\AUTH\77515 _9110564 |
|
| 942 | _cBOOK | ||
| 980 | _aNBR | ||